000 00756nam a2200145Ia 4500
008 171212s9999 xx 000 0 und d
020 _a9781925021097
100 _aFaulkner, Patrick
245 _cFaulkner, Patrick
_aLife on the Margins
_bAn Archaeological Investigation of Late Holocene Economic Variability, Blue Mud Bay, Northern Australia
260 _bANU E Press
_c2013
440 _aTerra Australis
650 _aArchaeological surveying -- Northern Territory -- Blue Mud Bay; Paleoecology -- Northern Territory -- Blue Mud Bay; Prehistoric peoples -- Northern Territory -- Blue Mud Bay; Hunting and gathering societies -- Northern Territory -- Blue Mud Bay; Nature --
650 _aArchaeology
856 _uhttp://www.jstor.org/stable/j.ctt5hgzbh
999 _c351188
_d351188